New technology (Record no. 67313)
[ view plain ]
| 000 -LEADER | |
|---|---|
| fixed length control field | 00906cam a2200229 4500 |
| 001 - CONTROL NUMBER | |
| control field | X113075 |
| 008 - FIXED-LENGTH DATA ELEMENTS--GENERAL INFORMATION | |
| fixed length control field | 000000n2001 000 0 eng u |
| 035 ## - SYSTEM CONTROL NUMBER | |
| System control number | (Sirsi) u113075 |
| 100 ## - MAIN ENTRY--PERSONAL NAME | |
| Personal name | Greeman, A. |
| 245 ## - TITLE STATEMENT | |
| Title | New technology |
| 260 ## - PUBLICATION, DISTRIBUTION, ETC. | |
| Date of publication, distribution, etc. | 2001 |
| 490 ## - SERIES STATEMENT | |
| Series statement | Construction News |
| Volume/sequential designation | (6719) 7 June 2001, 26-29(4) |
| 520 ## - SUMMARY, ETC. | |
| Summary, etc. | Detailed report on the greater role that composites are going to play in the construction industry, following research by Taylor Woodrow into polymer composites. Detailed discussion of various composites and how the restructuring of Taylor Woodrow has affected the direction of its future research plans. |
| 650 ## - SUBJECT ADDED ENTRY--TOPICAL TERM | |
| Topical term or geographic name entry element | CARBON FIBRE POLYMERS |
| 650 ## - SUBJECT ADDED ENTRY--TOPICAL TERM | |
| Topical term or geographic name entry element | GLASS FIBRES |
| 650 ## - SUBJECT ADDED ENTRY--TOPICAL TERM | |
| Topical term or geographic name entry element | TAYLOR WOODROW |
| 650 ## - SUBJECT ADDED ENTRY--TOPICAL TERM | |
| Topical term or geographic name entry element | RESEARCH AND DEVELOPMENT |
| 650 ## - SUBJECT ADDED ENTRY--TOPICAL TERM | |
| Topical term or geographic name entry element | BUILDING COMPONENTS |
| 650 ## - SUBJECT ADDED ENTRY--TOPICAL TERM | |
| Topical term or geographic name entry element | WHOLE-LIFE COSTING |
| 690 ## - LOCAL SUBJECT ADDED ENTRY--TOPICAL TERM (OCLC, RLIN) | |
| Topical term or geographic name as entry element | BUILT ENVIRONMENT-BUILDING MATERIALS |
| 942 ## - ADDED ENTRY ELEMENTS (KOHA) | |
| Suppress in OPAC | 0 |
| Withdrawn status | Lost status | Source of classification or shelving scheme | Damaged status | Not for loan | Home library | Current library | Shelving location | Date acquired | Total Checkouts | Full call number | Barcode | Date last seen | Copy number | Price effective from | Koha item type |
|---|---|---|---|---|---|---|---|---|---|---|---|---|---|---|---|
| Dewey Decimal Classification | London | London | Journal article | 13/06/2001 | X113075 | 113075-1001 | 06/08/2019 | 1 | 06/08/2019 | Journal article |